| 000 | 00000nam 22000008a 4500 |
| 001 | 9.841604 |
| 003 | CaOODSP |
| 005 | 20221107152128 |
| 007 | cr ||||||||||| |
| 008 | 170914s1982 onc o f000 0 eng d |
| 040 | |aCaOODSP|beng |
| 043 | |an-cn--- |
| 086 | 1 |aR5-370/1982E-PDF |
| 245 | 00|aEducational survey report |h[electronic resource] / |c[Claire Kelly?]. |
| 260 | |a[Ottawa] : |bDepartment of Indian Affairs and Northern Development, |c[1982] |
| 300 | |a[130] p. |
| 500 | |aDigitized edition from print [produced by Indigenous and Northern Affairs Canada]. |
| 520 | |a"This report was undertaken on behalf of the Department of Indian Affairs as a preliminary attempt to identify and quantify the educational needs of disabled Indian school children."--Intro. |
| 692 | 07|2gccst|aAboriginal youth |
| 692 | 07|2gccst|aPersons with disabilities |
| 692 | 07|2gccst|aEducation |
| 710 | 1 |aCanada. |bIndian and Northern Affairs Canada. |
| 856 | 40|qPDF|s8.03 MB|uhttps://publications.gc.ca/collections/collection_2017/aanc-inac/R5-370-1982-eng.pdf |